| 000 | 00714nam a2200205 i 4500 | ||
|---|---|---|---|
| 001 | 184345 | ||
| 003 | ES-MaACL | ||
| 005 | 20250701063205.0 | ||
| 007 | t| | ||
| 008 | 150625s1909 sp r ||||1| spa d | ||
| 080 | _a821.134.2-31"18" | ||
| 100 | 1 |
_aNombela, Julio, _d1836-1919 _985930 |
|
| 245 | 1 | 2 |
_aLa dicha de un desdichado ; El vil metal ; La novela de una joven contada por cuatro trajes / _cJulio Nombela. |
| 260 |
_aMadrid : _b[s.n.], _c1909 ( _fAdministración de "La Ultima Moda") |
||
| 300 |
_a406 p. ; _c19 cm. |
||
| 490 | 1 |
_aObras literarias de Julio Nombela ; _v9 |
|
| 830 | 0 |
_aObras literarias de Julio Nombela ; _v9 _9192120 |
|
| 852 |
_aES-MaACL _jD-4183 |
||
| 999 |
_c184345 _d184345 |
||